000 01605nam a2200193Ia 4500
008 181130s2018 xx 000 0 und d
100 _aRoss, Justin M.
245 _aUnfunded mandates and fiscal structure:
_bempirical evidence from a synthetic control model
260 _c2018
300 _ap.92-103.
504 _dJan/Feb
520 _aAn unfunded expenditure mandate occurs when governments are required to provide a good or service by a higher level of government without an accompanying revenue source. There are no empirical studies providing causal evidence on the fiscal influence of intergovernmental mandates. This article examines Florida's 1990 constitutional Amendment 3, which sought to limit unfunded state mandates on municipal and county governments. The synthetic control method, an empirical technique for drawing causal inferences from case studies, estimates the effect of Amendment 3 on state expenditures and total transfers to local governments. The results indicate that state expenditures increased by an annual average of 9.5 percent, while state transfers to all local governments were unaffected. However, the municipalities protected by Amendment 3 saw intergovernmental revenue from the state decrease by 10 percent annually, which suggests that remaining mandates likely targeted special districts, encouraging the fragmentation of local public service delivery. - Reproduced.
650 _aFederalism
650 _aFiscal federalism
650 _aPublic finance
650 _aState finance
773 _aPublic Administration Review
906 _aPublic finance
999 _c506931
_d506931